000
00329nam a22001457a 4500
008
210426b ||||| |||| 00| 0 eng d
020
_a
9780471150688
041
_a
eng
080
_a
338
082
_a
338
100
_a
53
101
_a
MEN
245
_a
Strategic Tools for Social Entreperneurs
_c
Dees,J.G
942
_2
udc
_c
BK
999
_c
56758
_d
56758